000 00448nam a2200181Ia 4500
008 100920s9999 xx 000 0 und d
082 _b10693
_a491.462 थ 60
100 _aकाळे विमल.
245 _aमृगजळ.
260 _b---
_c1960
300 _a57
_bसाधी
365 _b0
520 _aनाटक.
630 _aमृगजळ.
650 _aनाटक.
730 _aमृगजळ.
942 _cBOOK
999 _c676970
_d676967